000
00281nam a2200097Ia 4500
082
_a
TSO 496.397881 JAQU
245
0
_a
Ritalin : a difficult choice
100
_a
PORTERFIELD, Jason New York, 2009 1st ed
_9
60066
942
_c
BK
008
210817s9999 xx 000 0 und d
999
_c
292399
_d
292398